| 000 | 00763nam a2200253 i 4500 | ||
|---|---|---|---|
| 001 | 66435 | ||
| 003 | ES-MaACL | ||
| 005 | 20250901041013.0 | ||
| 007 | t| | ||
| 008 | 040217s2002 sp ||||1| spa d | ||
| 020 | _a84-88326-17-3 | ||
| 080 | _a159.942 | ||
| 100 | 1 |
_aOjea, Fernando. _986600 |
|
| 245 | 1 | 0 |
_aAngustia y sentido _b: la nada tiene la palabra / _cFernando Ojea. |
| 260 |
_aMálaga : _bMiguel Gómez Ediciones, _c[2002] |
||
| 300 |
_a428 p. ; _c22 cm. |
||
| 490 | 1 |
_aColección Itaca ; _v5 |
|
| 504 | _aBibliografía. | ||
| 650 | 1 | 4 |
_aPsicoanálisis. _916530 |
| 650 | 7 |
_aEmociones y sentimientos _2embne _912196 |
|
| 830 | 0 |
_aColección Itaca ; _v5 _9228763 |
|
| 852 |
_aES-MaACL _jL-26902 _bR.132552 |
||
| 999 |
_c66435 _d66435 |
||